000 00882nam a2200253Ia 4500
003 OSt
005 20220923214356.0
006 a|||||r|||| 00| 0
007 ta
008 220922b |||||||| |||| 00| 0 hin d
024 _a169,280
037 _cTextual
040 _aARTS
_cARTS
_bhin
041 _2hin
_ahin
082 _aO152,1J03:g, L3
100 _aशबनम, पद्मावली
_9156272
245 0 _aमीरा
_b व्यक्तित्व और कृतित्व
246 _aMīrā: vyaktitva aur kṛutitva
260 _aवाराणसी
_b हिन्दी प्रचारिक संस्थान
_c1973
300 _a512पृ.
_ccm.
650 _aहिन्दी साहित्य
_9156264
942 _hO152,1J03:g, L3
_cTEXL
_2CC
999 _c323736
_d323736